000 00478nam a2200181 i 4500
001 bgj
100 1 _aRINSER-SCHNELL, Luise.
245 1 0 _aDie gläsernen Ringe :
_beine Erzählung /
_cLuise Rinser-Schnell.
260 _aBerlin :
_bS. Fischer Verlag,
_c1941.
300 _a251 s. ;
_c19 cm.9
650 _aPowieść niemiecka
040 _cBPK
041 0 _ager
044 _aDEU
080 _a821.112.2-3
942 _cKS
008 s gw f |000 0 ger
999 _c49450
_d49450
856 _uhttp://koha.tu.koszalin.pl/cgi-bin/koha/opac-detail.pl?biblionumber=49450
_yKatalog online BPK